| 000 | 00527nam a22001937a 4500 | ||
|---|---|---|---|
| 003 | CEME | ||
| 005 | 20210628205057.0 | ||
| 008 | 210128b xxu||||| |||| 00| 0 eng d | ||
| 020 | _a9814-12-679-9 | ||
| 040 | _c. | ||
| 082 | _a621.319 ARR | ||
| 100 |
_aWatson, N.R:Arrillaga, J _973748 |
||
| 245 | _aComputer modelling of electrical power systems | ||
| 250 | _a2ND | ||
| 260 |
_aNEW YORK _bJOHN WILEY & SONS _c2003 |
||
| 300 | _aX,369P | ||
| 650 |
_aCOMPUTER MODELLING.ELECTRICAL POWER SYSTEMS _973749 |
||
| 942 |
_cBK _2ddc |
||
| 999 |
_c579403 _d579403 |
||